Cities of Santa Clara County on a Map - Statistics

General Stats
  • This quiz has been taken 334 times
  • The average score is 9 of 15
Answers on the Map
Answers color-coded by a green-red scale on the quiz's map according to % correct below.
 
Answer Stats
Answer % Correct
San Jose
94%
Santa Clara
90%
Palo Alto
73%
Cupertino
69%
Sunnyvale
66%
Mountain View
61%
Gilroy
58%
Los Gatos
58%
Milpitas
57%
Los Altos
48%
Saratoga
47%
Campbell
46%
Morgan Hill
44%
Los Altos Hills
38%
Monte Sereno
29%
No matching quizzes found
Score Distribution
Percent of People with Each Score
Percentile by Number Answered
Your Score History
You have not taken this quiz